000 00653nam a2200193 i 4500
001 171800
003 ES-MaACL
005 20240229062730.0
008 090601s1969 sp |||| | spa d
080 _a94(460.355 C.)"1808/14"
100 1 _aSolís, Ramón,
_d1923-1978
_9107215
245 1 3 _aEl Cádiz de las Cortes
_b: la vida en la ciudad en los años de 1810 a 1813 /
_cRamón Solís.
260 _aMadrid :
_bAlianza,
_c[1969]
300 _a499 p. ;
_c18 cm.
651 4 _aCádiz-
_xHistoria-
_yS.XIX.
_97918
651 4 _aEspaña-
_xHistoria-
_y1808-1814, Guerra de la Independencia
_98244
852 _aES-MaACL
_jC-35869
999 _c171800
_d171800